| 000 | 00000nam 2200000za 4500 |
| 001 | 9.643355 |
| 003 | CaOODSP |
| 005 | 20230223145009 |
| 007 | cr ||||||||||| |
| 008 | 150407s1980||||xxcao|||o f001 0 fre d |
| 040 | |aCaOODSP|bfre |
| 043 | |an-cn--- |
| 086 | 1 |aA53-1320/1980F-PDF |
| 100 | 1 |aHarp, H. F. |
| 245 | 10|aHerbacées vivaces pour les provinces des prairies |h[ressource électronique] /|cH.F. Harp. |
| 260 | |aOttawa : |bAgriculture Canada. |c1980. |
| 300 | |a49 p.|bill. |
| 500 | |aPublication historique numérisée par Agriculture et Agroalimentaire Canada. |
| 500 | |aPublié aussi en anglais sous le titre : Herbaceous perennials for the prairies. |
| 504 | |aComprend un index. |
| 590 | |a14-11-Supp|b2014-05-21 |
| 691 | 07|aJardinage|2gcpds |
| 691 | 07|aPlante ornementale|2gcpds |
| 710 | 1 |aCanada.|bAgriculture Canada. |bDirection générale de recherche. |
| 775 | 08|tHerbaceous perennials for the prairies |w(CaOODSP)9.699364 |
| 794 | |tHerbacées vivaces pour les Provinces des Prairies |w(CaOODSP)9.643356 |
| 856 | 40|ahttp://publications.gc.ca|qPDF|s3.3 Mo|uhttps://publications.gc.ca/collections/collection_2014/aac-aafc/agrhist/A53-1320-1980-fra.pdf |
| 986 | |aPublication 1320 |